000 00920cam a2200289 4500
008 090401t1996 xxu||||| |||| 00| 0 eng d
020 _a0070536694
035 _a(Sirsi) u73319
041 _aeng
050 _a692.8
100 _aRonco, William C.
245 _aPartnering manual for design and construction.
260 _aNew York
_bMcGraw-Hill
_c1996
300 _axii,312p. ; 23cm.
350 _a41.95
520 _aAn American textbook which examines the procedures and benefits to be gained through partnering. Includes chapters on training, communication and dispute resolution.
650 _aALTERNATIVE DISPUTE RESOLUTION
650 _aCONSTRUCTION INDUSTRY
650 _aCONTRACTORS
650 _aPARTNERING
650 _aPARTNERSHIPS
650 _aUNITES STATES
690 _aBUILT ENVIRONMENT-BUILDING CONTRACT FORMS
700 _aRonco, Jean S.
942 _n0
948 _c04/03/1997
999 _c95572
_d95572